| 000 | 00718nam a22002531 4500 | ||
|---|---|---|---|
| 001 | 9080 | ||
| 003 | BD-RjUL | ||
| 005 | 20211208234719.0 | ||
| 008 | 140120r19641962enka b 001 0 eng d | ||
| 035 | _a(BD-RjUL)9125 | ||
| 040 |
_aDLC/ICU _cICU _dDLC _dBD-RjUL _beng |
||
| 041 | _aeng | ||
| 082 | 0 | 0 |
_a538.6 _bTHI 1964 |
| 100 | 1 |
_aThompson, W. B. _928189 |
|
| 245 | 1 | 3 | _aAn introduction to plasma physics / |
| 260 |
_aOxford; _aNew York: _bPergamon Press, _c1962 [impression 1964] |
||
| 300 |
_aviii, 274 p. _billus. _c23 cm. |
||
| 504 | _aIncludes bibliographies. | ||
| 650 | 0 |
_aPlasma (Ionized gases) _928190 |
|
| 740 | 0 | _aPlasma physics. | |
| 942 |
_2ddc _cBK |
||
| 999 |
_c9080 _d9080 |
||